000 01234nam0a22002651 4500
001 rc\3723537
005 20250610103933.0
021 _aRU
_b[69-108592]
035 _a(NLR Aleph) 007862670
090 _a7806688
_c7806688
100 _a20130115d1969 |||y0rusy50 ca
101 0 _arus
102 _aRU
105 _aa z |||||
200 1 _aПроизводство кубовидного щебня
_e[Доклад
_fЦентр. правл. НТО автомоб. транспорта и дор. хоз-ва. М-во трансп. строительства СССР. Гос. всесоюз. дор. науч.-исслед. ин-т "СоюздорНИИ". Науч.-техн. конференция о развитии дор. строительства с использованием укрепл. каменных материалов
210 _aМосква
_cБ. и.
_d1969]
215 _a6 с.
_cсхем.
_d20
300 _aОписано по 2-й с. На тит. л. только надзаголовок
606 _aЩебень
_xПроизводство
_2psbo
700 1 _aСивуда
_bЛ.О.
801 0 _aRU
_bNLR
_gpsbo
801 1 _aRU
_bELAR
_2rusmarc
852 _aNLR
_j69-4/30775
942 _cBOOK
980 _aNB